[Event "Chigorin Memorial"]
[Site "St Petersburg"]
[Date "2015.10.03"]
[Round "1.51"]
[White "Volkov, Roman"]
[Black "Guseva, Marina"]
[Result "0-1"]
[WhiteElo "2044"]
[BlackElo "2411"]
[PlyCount "64"]
[EventDate "2015.10.03"]
[EventType "swiss"]
[EventRounds "9"]
[EventCountry "RUS"]

1. e4 c6 2. Nc3 d5 3. Qe2 dxe4 4. Nxe4 Bf5 5. d3 e6 6. g4 Bg6 7. f4 Bxe4 8.
dxe4 Bc5 9. Nf3 Qb6 10. Ne5 Ne7 11. Nc4 Qc7 12. Bd2 Nd7 13. O-O-O b5 14. Ne3 e5
15. Bg2 exf4 16. Nf5 O-O 17. Kb1 Rfe8 18. Qf3 Ng6 19. h4 Bf8 20. h5 Nge5 21.
Qxf4 Nc5 22. g5 Rac8 23. Qh4 Nc4 24. Bf4 Qa5 25. g6 Qb4 26. b3 Na3+ 27. Kb2
Nc4+ 28. Kb1 Na3+ 29. Kb2 Na4+ 30. Kc1 Qc3 31. gxf7+ Kh8 32. Nd4 Nc4 0-1

[Event "Chigorin Memorial"]
[Site "St Petersburg"]
[Date "2015.10.03"]
[Round "1.52"]
[White "Kozionov, Kirill"]
[Black "Hakobyan, Hovhannes H"]
[Result "1-0"]
[WhiteElo "2409"]
[BlackElo "2043"]
[PlyCount "59"]
[EventDate "2015.10.03"]
[EventType "swiss"]
[EventRounds "9"]
[EventCountry "RUS"]

1. d4 Nf6 2. c4 g6 3. Nc3 Bg7 4. e4 d6 5. h3 O-O 6. Be3 c5 7. d5 e6 8. Nf3 b5
9. cxb5 a6 10. a4 exd5 11. exd5 Qa5 12. Nd2 Qb4 13. Ra3 Re8 14. Bc4 Ne4 15.
Ncxe4 Rxe4 16. Qb3 Qa5 17. O-O Re8 18. Be2 Bb7 19. Nc4 Qd8 20. Rd1 axb5 21.
axb5 Bf8 22. Qa2 Nd7 23. Na5 Qc7 24. Nxb7 Qxb7 25. Ra6 Nb6 26. Qa5 Reb8 27. b4
Nxd5 28. Bf3 Rxa6 29. bxa6 Qc7 30. Bxd5 1-0

[Event "Chigorin Memorial"]
[Site "St Petersburg"]
[Date "2015.10.03"]
[Round "1.53"]
[White "Sinyanskiy, Maxim"]
[Black "Eraschenkov, Denis"]
[Result "0-1"]
[WhiteElo "2043"]
[BlackElo "2402"]
[PlyCount "52"]
[EventDate "2015.10.03"]
[EventType "swiss"]
[EventRounds "9"]
[EventCountry "RUS"]

1. e4 d5 2. exd5 Qxd5 3. Nf3 Nf6 4. Nc3 Qd6 5. d4 a6 6. Bc4 Bg4 7. Be3 Nbd7 8.
Qe2 g6 9. h3 Bxf3 10. Qxf3 Qc6 11. Qxc6 bxc6 12. d5 c5 13. O-O-O Nb6 14. Be2
Nfd7 15. Ne4 c4 16. Bf4 Ra7 17. Rhe1 Bg7 18. Be3 O-O 19. c3 Rb7 20. Nc5 Nxc5
21. Bxc5 Na4 22. Ba3 Rfb8 23. Bxc4 Nxb2 24. Bxb2 Rxb2 25. Rd3 Rb1+ 26. Kd2
R8b2+ 0-1

[Event "Chigorin Memorial"]
[Site "St Petersburg"]
[Date "2015.10.03"]
[Round "1.54"]
[White "Korchmar, Vasiliy"]
[Black "Illina, Natalia"]
[Result "1-0"]
[WhiteElo "2402"]
[BlackElo "2041"]
[PlyCount "67"]
[EventDate "2015.10.03"]
[EventType "swiss"]
[EventRounds "9"]
[EventCountry "RUS"]

1. d4 Nf6 2. c4 e6 3. g3 Bb4+ 4. Bd2 Qe7 5. Nf3 Nc6 6. Nc3 Bxc3 7. Bxc3 d6 8.
d5 Nb8 9. dxe6 Bxe6 10. Bg2 Nc6 11. Rc1 O-O 12. O-O Ne4 13. Be1 Rfe8 14. Nd4
Nxd4 15. Qxd4 Bd7 16. f3 Nc5 17. e4 f5 18. b4 Ne6 19. Qd3 fxe4 20. Qxe4 Bc6 21.
Qe3 a6 22. Bc3 Qf7 23. Qd2 Re7 24. f4 Bxg2 25. Qxg2 c6 26. f5 Ng5 27. f6 Ree8
28. fxg7 Qxc4 29. h4 Ne4 30. Ba1 Qd3 31. Rf3 Qd5 32. Qb2 Re5 33. Rcf1 Rae8 34.
Rf8+ 1-0

[Event "Chigorin Memorial"]
[Site "St Petersburg"]
[Date "2015.10.03"]
[Round "1.55"]
[White "Golikov, Daniil"]
[Black "Slavin, Alexey"]
[Result "1/2-1/2"]
[WhiteElo "2039"]
[BlackElo "2401"]
[PlyCount "151"]
[EventDate "2015.10.03"]
[EventType "swiss"]
[EventRounds "9"]
[EventCountry "RUS"]

1. d4 d5 2. c4 e6 3. Nc3 Be7 4. Nf3 Nf6 5. g3 O-O 6. Bg2 Nbd7 7. O-O dxc4 8. e4
Nb6 9. a4 a5 10. Qe2 Bb4 11. Bg5 h6 12. Bxf6 Qxf6 13. Rfd1 c5 14. dxc5 Bxc5 15.
e5 Qe7 16. Nd2 Bd7 17. Nxc4 Nxc4 18. Qxc4 Rac8 19. Qe2 Bc6 20. Ne4 Rfd8 21.
Nxc5 Qxc5 22. Rxd8+ Rxd8 23. Bxc6 bxc6 24. Qe1 Rd4 25. Rc1 Qd5 26. Qc3 Rd3 27.
Qc2 Rd2 28. Qc3 Rd3 29. Qc2 g6 30. Re1 c5 31. Qe2 Kg7 32. Qe4 Rd1 33. Qe2 Rd2
34. Qb5 Qd4 35. Rf1 Rxb2 36. Qxa5 Ra2 37. Qe1 Rxa4 38. Qe2 Rb4 39. Rd1 Rb2 40.
Qe1 Qg4 41. Rc1 c4 42. Qc3 Qe2 43. Qd4 Rd2 44. Qe3 Qxe3 45. fxe3 Re2 46. Rc3 g5
47. h4 gxh4 48. gxh4 Kg6 49. Kf1 Rh2 50. Rxc4 Kf5 51. Rf4+ Kxe5 52. Kg1 Re2 53.
Rxf7 Rxe3 54. Kg2 Re4 55. Kg3 h5 56. Rh7 Rg4+ 57. Kh3 Kf4 58. Rxh5 Rg3+ 59. Kh2
Rg8 60. Rh7 e5 61. h5 e4 62. Rf7+ Ke3 63. Kh3 Re8 64. Kg4 Kd2 65. Ra7 e3 66.
Kg5 e2 67. Ra2+ Kd3 68. Rxe2 Rxe2 69. h6 Ke4 70. h7 Rh2 71. Kg6 Ke5 72. Kg7
Rg2+ 73. Kf7 Rh2 74. Kg7 Ke6 75. h8=Q Rxh8 76. Kxh8 1/2-1/2

[Event "Chigorin Memorial"]
[Site "St Petersburg"]
[Date "2015.10.03"]
[Round "1.56"]
[White "Khusenkhojaev, Muhammad"]
[Black "Lauda, Alexandr"]
[Result "1-0"]
[WhiteElo "2398"]
[BlackElo "2033"]
[PlyCount "61"]
[EventDate "2015.10.03"]
[EventType "swiss"]
[EventRounds "9"]
[EventCountry "RUS"]

1. Nf3 Nf6 2. c4 e6 3. Nc3 Bb4 4. Qc2 O-O 5. a3 Bxc3 6. Qxc3 c5 7. g3 b6 8. Bg2
Bb7 9. O-O d5 10. d4 Nbd7 11. b4 dxc4 12. dxc5 bxc5 13. Qxc4 Bd5 14. Qf4 e5 15.
Qh4 cxb4 16. axb4 a5 17. b5 Qb6 18. Rb1 Rfc8 19. Qa4 Rc4 20. Qa3 Be4 21. Nd2
Bxg2 22. Nxc4 Qb7 23. Rd1 Bh3 24. f3 a4 25. Nd6 Qa7+ 26. Be3 Qa5 27. b6 Nd5 28.
b7 Rb8 29. Nc4 Qc3 30. Rxd5 Qxc4 31. Qd3 1-0

[Event "Chigorin Memorial"]
[Site "St Petersburg"]
[Date "2015.10.03"]
[Round "1.57"]
[White "Oberholzer, Francois"]
[Black "Litvinov, Maxim"]
[Result "0-1"]
[WhiteElo "2032"]
[BlackElo "2397"]
[PlyCount "74"]
[EventDate "2015.10.03"]
[EventType "swiss"]
[EventRounds "9"]
[EventCountry "RUS"]

1. e4 d6 2. d4 Nf6 3. Nc3 c6 4. Bg5 Nbd7 5. f4 Qa5 6. Qd2 e5 7. Nf3 Be7 8. Be2
O-O 9. O-O Qc7 10. Nh4 exd4 11. Nf5 dxc3 12. Nxe7+ Kh8 13. Qd4 cxb2 14. Rab1
Qb6 15. Qxb6 axb6 16. e5 dxe5 17. Rxb2 exf4 18. Bxf4 Re8 19. Nxc8 Raxc8 20. Bc4
Kg8 21. Bg5 b5 22. Bb3 Re5 23. Bf4 Re2 24. Bg5 h6 25. Bh4 Re4 26. Bf2 Ne5 27.
Rbb1 Neg4 28. Bc5 Rce8 29. h3 Ne3 30. Rf3 Nc4 31. Rd1 Re1+ 32. Rxe1 Rxe1+ 33.
Kf2 Re8 34. Bb4 Nd5 35. Bc5 Re4 36. Rd3 f5 37. a4 bxa4 0-1

[Event "Chigorin Memorial"]
[Site "St Petersburg"]
[Date "2015.10.03"]
[Round "1.58"]
[White "Ponfilenok, Vladimir"]
[Black "Martynyuk, Elizaveta"]
[Result "1-0"]
[WhiteElo "2395"]
[BlackElo "2031"]
[PlyCount "83"]
[EventDate "2015.10.03"]
[EventType "swiss"]
[EventRounds "9"]
[EventCountry "RUS"]

1. d4 d5 2. Nf3 Nf6 3. c4 c6 4. e3 e6 5. b3 Bd6 6. Bd3 Nbd7 7. Bb2 O-O 8. O-O
Qe7 9. Ne5 c5 10. f4 cxd4 11. exd4 dxc4 12. bxc4 Rd8 13. a4 Nf8 14. Nc3 Bd7 15.
Qf3 Rac8 16. c5 Bxe5 17. fxe5 Nd5 18. Ne4 Bc6 19. Qh5 Ng6 20. Nd6 Rxd6 21. cxd6
Qd7 22. Be4 Nb4 23. Qf3 Nh4 24. Bxh7+ Kxh7 25. Qh5+ Kg8 26. Qxh4 Nc2 27. Rac1
Ne3 28. Rf2 Nf5 29. Qf4 Bxa4 30. Rxc8+ Qxc8 31. g4 Nh6 32. d5 Bb3 33. dxe6 Bxe6
34. h3 b5 35. Qd4 a5 36. g5 Nf5 37. Rxf5 Bxf5 38. e6 f6 39. d7 Qd8 40. Qd5 Bxe6
41. Qxe6+ Kf8 42. g6 1-0

[Event "Chigorin Memorial"]
[Site "St Petersburg"]
[Date "2015.10.03"]
[Round "1.59"]
[White "Kantyshev, Nikita"]
[Black "Lobanov, Sergei"]
[Result "0-1"]
[WhiteElo "2030"]
[BlackElo "2394"]
[PlyCount "134"]
[EventDate "2015.10.03"]
[EventType "swiss"]
[EventRounds "9"]
[EventCountry "RUS"]

1. e4 c5 2. Nf3 Nc6 3. d4 cxd4 4. Nxd4 Nf6 5. Nc3 d6 6. Bg5 e6 7. Qd2 a6 8.
O-O-O Bd7 9. f4 Be7 10. Kb1 b5 11. a3 Rb8 12. Nxc6 Bxc6 13. Qd4 Qb6 14. e5 Qxd4
15. Rxd4 dxe5 16. fxe5 Nd7 17. Bf4 g5 18. Bg3 h5 19. h3 Bc5 20. Rd1 h4 21. Bh2
Ke7 22. b4 Ba7 23. Re1 Rbg8 24. Ne4 Bd4 25. c3 Bxe5 26. Bxe5 Nxe5 27. Nc5 Nc4
28. Bxc4 bxc4 29. Rhg1 g4 30. Kb2 a5 31. a4 gxh3 32. gxh3 Rg3 33. b5 Bd5 34.
Rd1 Rc8 35. Na6 Rxh3 36. Rd4 Rh2+ 37. Ka1 h3 38. b6 Rg2 39. Rb1 Bb7 40. Nc7 Rh8
41. Rbd1 h2 42. Rd7+ Kf6 43. Rf1+ Kg6 44. Rdxf7 h1=Q 45. R7f6+ Kh5 46. Rxh1+
Kg5 47. Rxh8 Kxf6 48. Rh6+ Kf5 49. Rxe6 Rg3 50. Kb2 Rg2+ 51. Kc1 Rg1+ 52. Kd2
Rb1 53. Kc2 Rb3 54. Rh6 Kg5 55. Rd6 Be4+ 56. Kd2 Kf4 57. Rf6+ Ke5 58. Re6+ Kf4
59. Rxe4+ Kxe4 60. Nb5 Rb2+ 61. Kc1 Rh2 62. b7 Rh8 63. Nd6+ Kd3 64. Nc8 Kxc3
65. Kd1 Rh1+ 66. Ke2 Rb1 67. Nb6 Rxb6 0-1

[Event "Chigorin Memorial"]
[Site "St Petersburg"]
[Date "2015.10.03"]
[Round "1.60"]
[White "Siva, Mahadevan"]
[Black "Kolesnikova, Kristina"]
[Result "1-0"]
[WhiteElo "2392"]
[BlackElo "2027"]
[PlyCount "119"]
[EventDate "2015.10.03"]
[EventType "swiss"]
[EventRounds "9"]
[EventCountry "RUS"]

1. e4 e5 2. Nf3 Nc6 3. Bb5 a6 4. Ba4 Nf6 5. O-O Be7 6. Re1 b5 7. Bb3 O-O 8. h3
d6 9. c3 Na5 10. Bc2 c5 11. d4 Qc7 12. Nbd2 Nc4 13. Nxc4 bxc4 14. d5 a5 15. Nd2
Ba6 16. Qe2 Nd7 17. Nxc4 f5 18. exf5 Nb6 19. Bd3 Bxc4 20. Bxc4 Nxc4 21. Qxc4
Rxf5 22. Be3 Qd7 23. Rab1 Rf7 24. Qg4 Qxg4 25. hxg4 h6 26. f3 Bg5 27. Bxg5 hxg5
28. Kf2 Rb7 29. Re4 Rb5 30. Ke2 Kf7 31. Ra4 Kf6 32. b3 Rbb8 33. Kf2 Ke7 34. Re1
Kd7 35. Ree4 Rh8 36. Ra3 Rhb8 37. Rea4 c4 38. b4 Kc7 39. Rxa5 Rxa5 40. Rxa5 Kb6
41. Ke3 Rh8 42. Ke4 g6 43. Ra4 Rc8 44. b5 Kxb5 45. Rb4+ Ka6 46. a4 Ka5 47. Rb7
Kxa4 48. Rb6 Rd8 49. Rb4+ Ka3 50. Rxc4 Kb3 51. Rc6 Rd7 52. c4 Kb4 53. g3 Rd8
54. c5 dxc5 55. d6 Kc4 56. Rb6 Kc3 57. Kxe5 c4 58. Ke6 Re8+ 59. Kf7 Ra8 60. d7
1-0

[Event "Chigorin Memorial"]
[Site "St Petersburg"]
[Date "2015.10.03"]
[Round "1.61"]
[White "Gorovenko, Darya"]
[Black "Igonin, Temur"]
[Result "1-0"]
[WhiteElo "2024"]
[BlackElo "2390"]
[PlyCount "69"]
[EventDate "2015.10.03"]
[EventType "swiss"]
[EventRounds "9"]
[EventCountry "RUS"]

1. d4 d5 2. c4 dxc4 3. Nf3 Nf6 4. e3 e6 5. Bxc4 a6 6. a4 c5 7. O-O Nc6 8. Qe2
cxd4 9. Rd1 Be7 10. exd4 O-O 11. Nc3 Nd5 12. Ne5 Ncb4 13. Ne4 b6 14. Ra3 f5 15.
Rh3 Qe8 16. Ng5 h6 17. Ngf7 Rxf7 18. Bxh6 Rf6 19. Bg5 Rf8 20. Qd2 Bf6 21. Bxf6
Rxf6 22. Qg5 Ra7 23. Be2 Qe7 24. Rc1 Rc7 25. Rxc7 Qxc7 26. Qh5 Kf8 27. Qh8+ Ke7
28. Rh7 Rf7 29. Nxf7 Qc1+ 30. Bf1 Nf4 31. h3 Nbd3 32. Kh2 Nxg2 33. Qxg7 Qxf1
34. Ne5+ Kd6 35. Qd7+ 1-0

[Event "Chigorin Memorial"]
[Site "St Petersburg"]
[Date "2015.10.03"]
[Round "1.62"]
[White "Duzhakov, Ilya"]
[Black "Tersinsev, Andrey"]
[Result "1-0"]
[WhiteElo "2381"]
[BlackElo "2023"]
[PlyCount "67"]
[EventDate "2015.10.03"]
[EventType "swiss"]
[EventRounds "9"]
[EventCountry "RUS"]

1. d4 d5 2. c4 c6 3. Nc3 e5 4. dxe5 d4 5. Nb1 Qa5+ 6. Nd2 Qxe5 7. Ngf3 Qd6 8.
g3 Nf6 9. Bg2 Be7 10. O-O O-O 11. Nb3 c5 12. Ne1 Qa6 13. Nd3 Qxc4 14. Bg5 Nbd7
15. Rc1 Qb5 16. Bxf6 Bxf6 17. Nbxc5 Nxc5 18. Rxc5 Qb6 19. a4 a6 20. a5 Qd6 21.
Bf3 Rb8 22. Qa4 Bd7 23. Qb4 b6 24. axb6 Qxb6 25. Qxb6 Rxb6 26. Bd5 Be6 27. Ra1
Be7 28. Rc6 Rxc6 29. Bxc6 Bc4 30. Ra4 Bxd3 31. exd3 Rb8 32. Rxa6 Rxb2 33. Ra7
Bc5 34. Rc7 1-0

[Event "Chigorin Memorial"]
[Site "St Petersburg"]
[Date "2015.10.03"]
[Round "1.63"]
[White "Pavlova, Nataliy"]
[Black "Bublei, Pavel"]
[Result "0-1"]
[WhiteElo "2021"]
[BlackElo "2380"]
[PlyCount "100"]
[EventDate "2015.10.03"]
[EventType "swiss"]
[EventRounds "9"]
[EventCountry "RUS"]

1. Nf3 Nf6 2. g3 d5 3. Bg2 c5 4. b3 Nc6 5. Bb2 e6 6. c4 d4 7. O-O e5 8. d3 Be7
9. e4 h6 10. h3 Be6 11. Kh2 O-O 12. Ng1 g5 13. Ne2 Ne8 14. g4 a6 15. Ng3 b5 16.
Na3 Rb8 17. Qd2 Nd6 18. Nf5 Bxf5 19. gxf5 Qa5 20. Qe2 bxc4 21. Nxc4 Nxc4 22.
dxc4 Nb4 23. Rfd1 Rb7 24. a3 Nc6 25. Rd3 Rfb8 26. Qf3 Qd8 27. Rg1 Na5 28. b4
cxb4 29. axb4 Nxc4 30. Bc1 Rxb4 31. h4 Kf8 32. Qh5 R8b6 33. Rg3 d3 34. Bxg5
Bxg5 35. hxg5 hxg5 36. Rxg5 Qf6 37. Bh3 Qh6 38. Qg4 Rf6 39. Rh5 Qf4+ 40. Qxf4
exf4 41. Rh8+ Ke7 42. Rgg8 Ne5 43. Rd8 Rfb6 44. Rhe8+ Kf6 45. Rd5 Rxe4 46. Rh8
Rb2 47. Rh6+ Kg7 48. Rxa6 Rxf2+ 49. Kg1 Rc2 50. Bg2 Nf3+ 0-1

[Event "Chigorin Memorial"]
[Site "St Petersburg"]
[Date "2015.10.03"]
[Round "1.64"]
[White "Rodin, Dmitrij"]
[Black "Nochovniy, Vladimir"]
[Result "1-0"]
[WhiteElo "2378"]
[BlackElo "2018"]
[PlyCount "69"]
[EventDate "2015.10.03"]
[EventType "swiss"]
[EventRounds "9"]
[EventCountry "RUS"]

1. e4 c6 2. d4 d5 3. e5 Bf5 4. Nc3 e6 5. g4 Bg6 6. Nge2 f6 7. Nf4 Bf7 8. Nd3
Nd7 9. Bf4 Ne7 10. Bg3 a6 11. Qe2 Qb6 12. O-O-O Qxd4 13. Nf4 Qxe5 14. Qd2 Qg5
15. Ne4 Qe5 16. Bg2 Nc8 17. Nh5 Bxh5 18. Bxe5 Nxe5 19. gxh5 Be7 20. Ng3 O-O 21.
Qe2 Bc5 22. f4 Nc4 23. Qxe6+ Kh8 24. h6 g6 25. Rhe1 N8b6 26. Bf1 Nd6 27. Bd3
Rae8 28. Qg4 Ne4 29. Bxe4 dxe4 30. f5 Nd5 31. fxg6 hxg6 32. Rxe4 Rxe4 33. Qxe4
Be3+ 34. Kb1 Bxh6 35. Qxg6 1-0

[Event "Chigorin Memorial"]
[Site "St Petersburg"]
[Date "2015.10.03"]
[Round "1.65"]
[White "Pavlov, Anatoly F"]
[Black "Sanzhaev, Darsen"]
[Result "0-1"]
[WhiteElo "2018"]
[BlackElo "2378"]
[PlyCount "112"]
[EventDate "2015.10.03"]
[EventType "swiss"]
[EventRounds "9"]
[EventCountry "RUS"]

1. d4 Nf6 2. g3 d5 3. Bg2 c6 4. Nf3 Bf5 5. O-O e6 6. c4 Nbd7 7. Nbd2 h6 8. b3
Bd6 9. Bb2 Qc7 10. Re1 Bh7 11. Nf1 O-O 12. N3d2 Rfe8 13. Rc1 Rad8 14. a3 a5 15.
e3 Qb8 16. f4 b6 17. Nf3 Ne4 18. Ne5 Nxe5 19. fxe5 Be7 20. cxd5 cxd5 21. Nd2
Qb7 22. Bxe4 Bxe4 23. Nxe4 dxe4 24. Rf1 Rf8 25. Qe2 b5 26. Rc2 Rd7 27. Rfc1 Qd5
28. a4 bxa4 29. bxa4 Qb3 30. Rc3 Qxa4 31. Ra1 Qb4 32. Qc2 Qb5 33. Rb3 Qd5 34.
Ba3 Ra8 35. Bxe7 Rxe7 36. Ra4 Rc7 37. Rc3 Rb7 38. Rc5 Qb3 39. Ra2 Qxe3+ 40. Kg2
Rab8 41. Qf2 Qxf2+ 42. Kxf2 Rd8 43. Ke3 Rb4 44. Rd2 a4 45. Ra5 Rc8 46. Kxe4 Rc3
47. Ra7 a3 48. Rf2 Rbb3 49. Re2 g5 50. Ra4 Rd3 51. Ra7 Kg7 52. Ra5 Kg6 53. Ra7
h5 54. Ra8 Kg7 55. Ra7 h4 56. gxh4 Rh3 0-1

[Event "Chigorin Memorial"]
[Site "St Petersburg"]
[Date "2015.10.03"]
[Round "1.66"]
[White "Chashchev, Sergey"]
[Black "Aseeva, Anastasia"]
[Result "1-0"]
[WhiteElo "2377"]
[BlackElo "2015"]
[PlyCount "83"]
[EventDate "2015.10.03"]
[EventType "swiss"]
[EventRounds "9"]
[EventCountry "RUS"]

1. Nf3 d5 2. g3 Nf6 3. Bg2 c6 4. b3 g6 5. Bb2 Bg7 6. O-O O-O 7. d4 Nbd7 8. Nbd2
c5 9. c4 cxd4 10. Bxd4 Nb6 11. Qc2 Be6 12. c5 Nbd7 13. b4 Rc8 14. Rac1 Re8 15.
Qb2 a6 16. Rfd1 Nb8 17. e4 Nc6 18. Bc3 Qc7 19. a4 b5 20. axb5 axb5 21. Nd4 Nxd4
22. Bxd4 Bg4 23. e5 Ne4 24. Re1 Nxd2 25. Qxd2 Be6 26. c6 Ra8 27. Rc5 Ra6 28.
Qc3 Rea8 29. Bf1 Ra3 30. Qc1 R3a4 31. Rxb5 Rb8 32. Qc5 Rxb5 33. Qxb5 Ra8 34.
Qc5 Bh6 35. b5 Rc8 36. Ra1 Bg7 37. Ra7 Qd8 38. c7 Qd7 39. b6 Bh3 40. Bxh3 Qxh3
41. b7 Rf8 42. c8=Q 1-0

[Event "Chigorin Memorial"]
[Site "St Petersburg"]
[Date "2015.10.03"]
[Round "1.67"]
[White "Gordon, Evgeny"]
[Black "Palachev, Petr"]
[Result "1-0"]
[WhiteElo "2015"]
[BlackElo "2373"]
[PlyCount "77"]
[EventDate "2015.10.03"]
[EventType "swiss"]
[EventRounds "9"]
[EventCountry "RUS"]

1. d4 Nf6 2. c4 e6 3. Nc3 Bb4 4. Qc2 d5 5. cxd5 exd5 6. Nf3 O-O 7. a3 Be7 8.
Bg5 c6 9. e3 Nbd7 10. Bd3 Re8 11. O-O Nf8 12. b4 a6 13. Rab1 g6 14. Na4 Ne4 15.
Bxe7 Rxe7 16. Nc5 Nd6 17. Rfe1 f6 18. Qc3 Kg7 19. Re2 Bf5 20. Rbe1 Bxd3 21.
Qxd3 Ne6 22. Nd2 Qg8 23. Nxe6+ Rxe6 24. Nb3 Rae8 25. Nc5 R6e7 26. a4 Qf7 27.
Qc2 h5 28. h3 g5 29. Nd3 Qg6 30. Nc5 Qf7 31. Nd3 h4 32. Nc5 Qg6 33. Qxg6+ Kxg6
34. Nd3 f5 35. Ne5+ Kf6 36. f4 Rg8 37. Kh2 g4 38. Rc1 Ke6 39. Rec2 1-0

[Event "Chigorin Memorial"]
[Site "St Petersburg"]
[Date "2015.10.03"]
[Round "1.68"]
[White "Kotlyar, Kirill"]
[Black "Repkin, Alexander"]
[Result "1-0"]
[WhiteElo "2370"]
[BlackElo "2013"]
[PlyCount "123"]
[EventDate "2015.10.03"]
[EventType "swiss"]
[EventRounds "9"]
[EventCountry "RUS"]

1. e4 e6 2. Qe2 c5 3. Nf3 d5 4. exd5 Qxd5 5. Nc3 Qd8 6. g3 Nc6 7. Bg2 Nge7 8.
d3 Nf5 9. O-O Be7 10. Bf4 O-O 11. Ne5 Ncd4 12. Qd2 f6 13. Nc4 e5 14. Be3 Rb8
15. a4 Be6 16. b3 b6 17. Rae1 Qd7 18. f4 Nxe3 19. Nxe3 exf4 20. gxf4 Rbe8 21.
Ncd5 Bd6 22. Qd1 Bb8 23. Kh1 Bh3 24. Bxh3 Qxh3 25. c3 Qd7 26. b4 Kh8 27. b5 Ne6
28. Qf3 Nd8 29. c4 Nb7 30. Qh5 Bd6 31. Rg1 Qf7 32. Qxf7 Rxf7 33. Nf5 Ref8 34.
Re6 Bb8 35. Nfe7 Nd8 36. Re2 g6 37. Ra1 Kg7 38. a5 bxa5 39. Rxa5 g5 40. Ra6
gxf4 41. Kg2 Re8 42. Nf5+ Kf8 43. Rxe8+ Kxe8 44. Kf3 Kd7 45. Nxf6+ Kc8 46. Nd6+
Bxd6 47. Rxd6 Re7 48. Nd5 Rf7 49. h4 Nb7 50. Rf6 Rg7 51. Kxf4 Na5 52. h5 Nb3
53. h6 Rg1 54. Rf8+ Kd7 55. Rf7+ Ke6 56. Rxh7 Nd4 57. Re7+ Kd6 58. h7 Rh1 59.
Rxa7 Ne6+ 60. Kg4 Ke5 61. Re7 Kd6 62. b6 1-0

[Event "Chigorin Memorial"]
[Site "St Petersburg"]
[Date "2015.10.03"]
[Round "1.69"]
[White "Terentev, Mikhail"]
[Black "Yanchenko, Roman"]
[Result "0-1"]
[WhiteElo "2013"]
[BlackElo "2370"]
[PlyCount "94"]
[EventDate "2015.10.03"]
[EventType "swiss"]
[EventRounds "9"]
[EventCountry "RUS"]

1. e4 d5 2. exd5 Qxd5 3. Nc3 Qa5 4. d4 c6 5. Nf3 Nf6 6. Bc4 Bf5 7. Bd2 Qd8 8.
Qe2 e6 9. Bb3 Be7 10. O-O-O a5 11. Nh4 Bg6 12. Nxg6 hxg6 13. Qf3 Nbd7 14. g4
Nd5 15. Nxd5 cxd5 16. Ba4 O-O 17. Bxd7 Qxd7 18. h4 Qa4 19. Kb1 Qxd4 20. Bc3 Qe4
21. Qg3 Rfc8 22. h5 g5 23. h6 Bf6 24. hxg7 Bxc3 25. bxc3 Kxg7 26. Rh5 Qf4 27.
Qd3 Rh8 28. Rdh1 Rxh5 29. Rxh5 Rh8 30. Rxh8 Kxh8 31. f3 Kg7 32. Kb2 Kf6 33. Kb1
Qc4 34. Qe3 Qf1+ 35. Kb2 Qb5+ 36. Kc1 b6 37. Qg1 a4 38. Qh1 Ke7 39. Qh2 Qc5 40.
Qd2 f6 41. Kb2 a3+ 42. Kb3 Kd6 43. Qh2+ Kc6 44. Qd2 e5 45. Qe1 b5 46. Qd2 e4
47. fxe4 dxe4 0-1

[Event "Chigorin Memorial"]
[Site "St Petersburg"]
[Date "2015.10.03"]
[Round "1.70"]
[White "Lokander, Martin"]
[Black "Nikulina, Alena"]
[Result "1-0"]
[WhiteElo "2369"]
[BlackElo "2010"]
[PlyCount "41"]
[EventDate "2015.10.03"]
[EventType "swiss"]
[EventRounds "9"]
[EventCountry "RUS"]

1. d4 Nf6 2. c4 e6 3. Nf3 d5 4. Nc3 Nbd7 5. Bf4 c6 6. e3 Bb4 7. a3 Bxc3+ 8.
bxc3 Qa5 9. Qb3 dxc4 10. Bxc4 Nb6 11. O-O Ne4 12. Rfc1 Na4 13. Bd3 Naxc3 14.
Ne5 g5 15. Nc4 Qd5 16. f3 gxf4 17. fxe4 Nxe4 18. Bxe4 Qd8 19. Qb4 a5 20. Qc5
Qe7 21. Bxc6+ 1-0

[Event "Chigorin Memorial"]
[Site "St Petersburg"]
[Date "2015.10.03"]
[Round "1.71"]
[White "Khalaji, Hanieh"]
[Black "Martynov, Pavel"]
[Result "0-1"]
[WhiteElo "2006"]
[BlackElo "2369"]
[PlyCount "52"]
[EventDate "2015.10.03"]
[EventType "swiss"]
[EventRounds "9"]
[EventCountry "RUS"]

1. e4 c5 2. Nc3 a6 3. g3 b5 4. Bg2 Bb7 5. d3 e6 6. f4 d5 7. e5 Nh6 8. Nf3 Nf5
9. Qe2 h5 10. Bh3 g6 11. Nd1 Nc6 12. Ne3 d4 13. Nd1 Nb4 14. O-O Be7 15. a3 Nd5
16. Bd2 Qb6 17. Ng5 c4 18. Ne4 c3 19. Bc1 cxb2 20. Bxb2 Nde3 21. Re1 Bxe4 22.
dxe4 d3 23. cxd3 Nxd1+ 24. d4 Nxb2 25. exf5 Qxd4+ 26. Kh1 gxf5 0-1

[Event "Chigorin Memorial"]
[Site "St Petersburg"]
[Date "2015.10.03"]
[Round "1.72"]
[White "Gorbatov, Alexej"]
[Black "Senkevich, Konstantin"]
[Result "1/2-1/2"]
[WhiteElo "2368"]
[BlackElo "2005"]
[PlyCount "65"]
[EventDate "2015.10.03"]
[EventType "swiss"]
[EventRounds "9"]
[EventCountry "RUS"]

1. d4 c5 2. d5 f5 3. e4 fxe4 4. Nc3 Nf6 5. g4 h6 6. Bg2 d6 7. h3 e5 8. Nge2 Be7
9. Ng3 O-O 10. O-O Bd7 11. a4 Na6 12. Ncxe4 b5 13. Nxf6+ Bxf6 14. Ne4 Be7 15.
f4 exf4 16. Bxf4 bxa4 17. Bxd6 Bxd6 18. Nxd6 Bxg4 19. Rxf8+ Qxf8 20. Qxg4 Qxd6
21. Qxa4 Nc7 22. Qc6 Rd8 23. Rxa7 Nxd5 24. Qb7 Qe5 25. Qf7+ Kh8 26. c3 Nxc3 27.
bxc3 Rd1+ 28. Bf1 Qg3+ 29. Kh1 Qxh3+ 30. Kg1 Qg3+ 31. Kh1 Qh3+ 32. Kg1 Qg3+ 33.
Kh1 1/2-1/2

[Event "Chigorin Memorial"]
[Site "St Petersburg"]
[Date "2015.10.03"]
[Round "1.73"]
[White "Kiseleva, Arina"]
[Black "Gevorgyan, David Sh"]
[Result "1/2-1/2"]
[WhiteElo "1998"]
[BlackElo "2359"]
[PlyCount "98"]
[EventDate "2015.10.03"]
[EventType "swiss"]
[EventRounds "9"]
[EventCountry "RUS"]

1. d4 Nf6 2. Nf3 e6 3. c4 Bb4+ 4. Bd2 c5 5. Nc3 cxd4 6. Nxd4 O-O 7. e3 a6 8.
Be2 Re8 9. O-O Bf8 10. Qc2 d6 11. Rfd1 Nbd7 12. Rac1 Qc7 13. b3 Rb8 14. Qb1 g6
15. Ne4 Nxe4 16. Qxe4 Nc5 17. Qb1 Bg7 18. Bc3 e5 19. Nf3 Bf5 20. Qa1 Ne4 21.
Bb2 Nc5 22. Ne1 f6 23. Nd3 a5 24. Nxc5 dxc5 25. Rd2 Rbd8 26. Rcd1 Be4 27. Rxd8
Rxd8 28. Rxd8+ Qxd8 29. Qd1 Qxd1+ 30. Bxd1 Bb1 31. a4 Bd3 32. f3 e4 33. f4 Kf7
34. Kf2 Bf8 35. g3 Ke6 36. g4 Bd6 37. h3 b6 38. Bc3 Ke7 39. Be1 g5 40. fxg5
fxg5 41. Bc3 Ke6 42. Bb2 Bc7 43. Bc3 Be5 44. Bxe5 Kxe5 45. Kg2 h6 46. Kf2 Ke6
47. Kg2 Kd7 48. Kf2 Kc7 49. Kg2 Kd6 1/2-1/2

[Event "Chigorin Memorial"]
[Site "St Petersburg"]
[Date "2015.10.03"]
[Round "1.74"]
[White "Khanin, Semen"]
[Black "Ustich, Ekaterina"]
[Result "1-0"]
[WhiteElo "2359"]
[BlackElo "1996"]
[PlyCount "91"]
[EventDate "2015.10.03"]
[EventType "swiss"]
[EventRounds "9"]
[EventCountry "RUS"]

1. e4 e5 2. Nf3 Nc6 3. Bb5 a6 4. Ba4 Nf6 5. O-O Be7 6. Re1 b5 7. Bb3 d6 8. c3
O-O 9. d4 Bg4 10. Be3 Na5 11. Bc2 Nc4 12. Bc1 Re8 13. b3 Nb6 14. h3 Bxf3 15.
Qxf3 c5 16. dxe5 dxe5 17. Nd2 Bf8 18. Nf1 Nbd7 19. Bg5 Qb6 20. Ne3 g6 21. Red1
Re6 22. Rd2 Rd6 23. Rxd6 Qxd6 24. Rd1 Qc6 25. Rd2 Re8 26. Qd1 Re6 27. Nd5 Re8
28. Ne3 Re6 29. Nd5 Re8 30. Nxf6+ Nxf6 31. Qe2 Nd7 32. h4 Re6 33. a4 c4 34.
axb5 axb5 35. bxc4 bxc4 36. Rd1 Rd6 37. Rb1 Qc7 38. Be3 Qa5 39. Qxc4 Qa8 40.
Bb3 Qe8 41. Ba4 Qd8 42. Rb7 h6 43. g3 Kg7 44. Kg2 Kg8 45. Qb5 Nf6 46. Rb8 1-0